000 00305nam a22001337a 4500
008 181029b xxu||||| |||| 00| 0 eng d
020 _a9781305319813
041 _aeng
080 _a781
100 _a45
101 _aMUZ
245 _aMusic in Western Civilization Part II
_cWright,C
942 _2udc
_cBK
999 _c50964
_d50964